Basic electrical engineering (Record no. 7166)

000 -LEADER
fixed length control field 00658nam a2200217 4500
001 - CONTROL NUMBER
control field 7166
003 - CONTROL NUMBER IDENTIFIER
control field BD-DhUET
008 - FIXED-LENGTH DATA ELEMENTS--GENERAL INFORMATION
fixed length control field 740521s1975 nyua 001 0 eng
020 ## - INTERNATIONAL STANDARD BOOK NUMBER
International Standard Book Number 0070211523
040 ## - CATALOGING SOURCE
Original cataloging agency DLC
Transcribing agency DLC
Modifying agency BD-DhUET
082 00 - DEWEY DECIMAL CLASSIFICATION NUMBER
Classification number 623
Item number FIT/1975
100 1# - MAIN ENTRY--PERSONAL NAME
Personal name Fitzgerald, A. E.
245 10 - TITLE STATEMENT
Title Basic electrical engineering
Remainder of title circuits,electronics,machines,control
Statement of responsibility, etc. by A. E. Fitzgerald, David E. Higginbotham and Arvin Grabel
250 ## - EDITION STATEMENT
Edition statement 4th ed.
260 ## - PUBLICATION, DISTRIBUTION, ETC. (IMPRINT)
Place of publication, distribution, etc. New York
Name of publisher, distributor, etc. McGraw-Hill
Date of publication, distribution, etc. 1975
300 ## - PHYSICAL DESCRIPTION
Extent xiv, 817 p.
Other physical details illus.
Dimensions 24 cm.
650 #0 - SUBJECT ADDED ENTRY--TOPICAL TERM
Topical term or geographic name as entry element Electricity : Engineering
700 ## - ADDED ENTRY--PERSONAL NAME
Personal name Higginbotham, David E.
700 ## - ADDED ENTRY--PERSONAL NAME
Personal name Grabel, Arvin
942 ## - ADDED ENTRY ELEMENTS (KOHA)
Koha item type General Book
Holdings
Koha issues (times borrowed) Price effective from Damaged status Not for loan Date acquired Sublocation or collection (holding branch) Koha date last borrowed Copy number Location (home branch) Source of classification or shelving scheme Piece designation (barcode) Koha normalized classification for sorting Shelving location Koha full call number Lost status Koha date last seen Koha item type Withdrawn status
12014-12-07  2014-12-07Central Library, BUET2018-07-211Central Library, BUET 65364623PIT1975Circulation section623/PIT/1975 2018-08-04General Book 
 2015-03-12  2015-03-12Central Library, BUET 2Central Library, BUET 43309623_000000000000000_PIT_1975Circulation section623/PIT/1975 2015-03-12General Book 
 2015-03-12  2015-03-12Central Library, BUET 3Central Library, BUET 43314623_000000000000000_PIT_1975Circulation section623/PIT/1975 2015-03-12General Book 
 2015-03-12  2015-03-12Central Library, BUET 4Central Library, BUET 43676623_000000000000000_PIT_1975Circulation section623/PIT/1975 2015-03-12General Book 
 2015-03-12  2015-03-12Central Library, BUET 5Central Library, BUET 42843623_000000000000000_PIT_1975Circulation section623/PIT/1975 2015-03-12General Book 
 2015-04-16  2015-04-16Central Library, BUET 6Central Library, BUET 43308623_000000000000000_FIT_1975Circulation section623/FIT/1975 2015-04-16General Book 
 2015-04-18  2015-04-18Central Library, BUET 7Central Library, BUET 43316623_000000000000000_FIT_1975Circulation section623/FIT/1975 2015-04-18General Book 
 2015-04-21  2015-04-21Central Library, BUET 8Central Library, BUET 43310623_000000000000000_FIT_1975Circulation section623/FIT/1975 2015-04-21General Book 
 2015-04-21  2015-04-21Central Library, BUET 9Central Library, BUET 43677623_000000000000000_FIT_1975Circulation section623/FIT/1975 2015-04-21General Book 
 2015-04-21  2015-04-21Central Library, BUET 10Central Library, BUET 43313623_000000000000000_FIT_1975Circulation section623/FIT/1975 2015-04-21General Book 
 2015-04-21  2015-04-21Central Library, BUET 11Central Library, BUET 43307623_000000000000000_FIT_1975Circulation section623/FIT/1975 2015-04-21General Book 
 2015-04-21  2015-04-21Central Library, BUET 12Central Library, BUET 51101623_000000000000000_FIT_1975Circulation section623/FIT/1975 2015-04-21General Book 
 2015-06-28  2015-06-28Central Library, BUET 13Central Library, BUET 42841623_000000000000000_FIT_1975Reading section623/FIT/1975 2015-06-28Reading Item 
 2015-06-28  2015-06-28Central Library, BUET 14Central Library, BUET 42840623_000000000000000_FIT_1975Reading section623/FIT/1975 2015-06-28Reading Item 
 2015-06-28  2015-06-28Central Library, BUET 15Central Library, BUET 43679623_000000000000000_FIT_1975Reading section623/FIT/1975 2015-06-28Reading Item